[Event "IECC M email"]
[Site "IECC email"]
[Date "1998.10.01"]
[Round "?"]
[White "Thelander, Dag"]
[Black "Humen, John F"]
[Result "0-1"]
[WhiteElo "1312"]
[BlackElo "1272"]
[PlyCount "24"]
[EventDate "1998.??.??"]
[EventType "tourn (corr)"]
[EventRounds "12"]
[SourceTitle "Corr 2008"]
[Source "ChessBase"]
[SourceDate "2008.06.24"]
[SourceVersion "1"]
[SourceVersionDate "2008.06.24"]
[SourceQuality "1"]

1. e4 c5 2. d4 cxd4 3. Nf3 Nc6 4. Nxd4 Nf6 5. Nc3 d6 6. f3 g6 7. Be3 Bg7 8. Qd2 0-0 9. Bh6 Bxh6 10. Qxh6 Nxd4 11. 0-0-0 e5 12. f4 Ng4 0-1